| 000 | 00940nam0a22002531 4500 | ||
|---|---|---|---|
| 001 | rc\4941895 | ||
| 005 | 20260407004948.0 | ||
| 021 |
_aRU _b[61-21148] |
||
| 035 | _a(NLR Aleph) 008949347 | ||
| 090 |
_a8993227 _c8993227 |
||
| 100 | _a20130426d1961 |||y0rusy50 ca | ||
| 101 | 0 | _arus | |
| 102 | _aRU | ||
| 105 | _ay z ||||| | ||
| 200 | 1 |
_aУстав добровольного сельского спортивного общества "Урожай" БССР _e[Утв. 17/XII 1960 г.] _fЦентр. совет ДССО "Урожай" БССР |
|
| 210 |
_aМинск _cБ. и. _d1961 |
||
| 215 |
_a29 с. _d14 |
||
| 606 |
_aСпортивные общества _jУстав _2psbo |
||
| 710 | 0 | 2 |
_a"Урожай", сельское спортивное о-во Белорусской ССР _3RU\NLR\AUTH\889995896 _9488813 |
| 801 | 0 |
_aRU _bNLR _gpsbo |
|
| 801 | 1 |
_aRU _bELAR _2rusmarc |
|
| 852 |
_aNLR _j61-1/278 |
||
| 942 | _cBOOK | ||
| 980 | _aNB | ||